| 000 | 01524nam a2200445 i 4500 | ||
|---|---|---|---|
| 001 | 37243 | ||
| 003 | KOSZ 005 | ||
| 005 | 20240405063118.0 | ||
| 008 | 031103s1998 pl a g 001 0 pol | ||
| 015 | _aPB 2004/2947 | ||
| 020 | _z839093158 | ||
| 040 |
_aWA N _cWA N _dKOSZ 005/RW _dKOSZ 005/HR |
||
| 046 | _k1998 | ||
| 080 | _a94(438).082/.083 | ||
| 080 | _a94(477) | ||
| 080 | _a327 | ||
| 100 | 1 |
_aSowa, Andrzej Leon _d(1946- ) _eAutor |
|
| 245 | 1 | 0 |
_aStosunki polsko-ukraińskie 1939-1947 : _bzarys problematyki / _cAndrzej Leon Sowa. |
| 260 |
_aKraków : _bTowarzystwo Sympatyków Historii, _c1998. |
||
| 300 |
_a342 strony : _berrata ; _c21 cm. |
||
| 336 |
_aTekst _btxt _2rdacontent |
||
| 337 |
_aBez urządzenia pośredniczącego _bn _2rdamedia |
||
| 338 |
_aWolumin _bnc _2rdacarrier |
||
| 380 | _aKsiążki. | ||
| 380 | _aPublikacje naukowe | ||
| 500 | _aNa książce wyłącznie błędny ISBN. | ||
| 504 | _aBibliografia na stronach 305-319. Indeksy. | ||
| 648 | 4 | _a1901-2000 | |
| 648 | 4 | _a1945-1989 | |
| 648 | 4 | _a1939-1945 | |
| 650 | 4 | _aPolityka międzynarodowa | |
| 650 | 4 | _aStosunki bilateralne | |
| 651 | 4 | _aUkraina | |
| 651 | 4 | _aPolska | |
| 658 | _aHistoria | ||
| 658 | _aPolityka, politologia, administracja publiczna | ||
| 710 | 2 |
_aTowarzystwo Sympatyków Histori (Kraków) _4pbl. |
|
| 856 |
_uhttp://koha.tu.koszalin.pl/cgi-bin/koha/opac-detail.pl?biblionumber=37243 _yKatalog online BPK |
||
| 942 |
_2UKD _cKS |
||
| 999 |
_c37243 _d37243 |
||